Multiple Choice City Quiz- Oranjestad - Statistics

General Stats
  • This quiz has been taken 3 times
  • The average score is 4 of 10
Answer Stats
Question Answer % Correct
What is Aruba's oldest surviving structure Fort Zoutman
100%
What is the main language spoken in Oranjestad Papiamento
67%
What do the locals call Oranjestad Playa
67%
When was slavery abolished in Oranjestad 1863
33%
What is the population of Oranjestad rounded to the nearest 10,000 30,000
33%
What is the currency in Oranjestad? Aruba Florin
33%
What is the airport in Oranjestad called? Queen Beatrix
33%
What is the country of origin for the vast majority of tourists? United States
33%
Oranjestad was founded in... 1796
0%
When was Oranjestad officially named? 1824
0%
No matching quizzes found
Score Distribution
Percent of People with Each Score
Percentile by Number Answered
Your Score History
You have not taken this quiz